000 00852cab a2200289 4500
001 ABS44242
008 090401t1991 xxu||||| |||| 00| 0 eng d
035 _a(Sirsi) u46075
041 _aeng
100 _aOlivier, D.
245 4 _aThe house which came in from the cold
260 _c1991
350 _a0
490 _aNew Scientist
_v129 (1759) 9 March 1991, 45-49 (5)
520 _aCompares energy efficiency methods in Europe with those practiced in the UK. Features examples in the Netherlands , Germany and Scandinavia.
650 _aBUILDING REGULATIONS
_96224
650 _aCAVITY WALLS
650 _aDOUBLE GLAZING
650 _aDRAUGHT PROOFING
650 _aEnvironment
_96238
650 _aHEAT LOSS
650 _aHOUSES
650 _aTHERMAL INSULATION
690 _aENERGY
_96237
942 _n0
948 _c04/03/1997
999 _c29152
_d29152